| 000 | 00452nam a2200169Ia 4500 | ||
|---|---|---|---|
| 003 | LK-CoDNM | ||
| 005 | 20240724100811.0 | ||
| 008 | 010623t1914 xxu||||| |||| 00| 1 eng d | ||
| 040 |
_aLK-CoDNM _dLK-CoDNM _eLK-CoDNM |
||
| 041 | _aeng | ||
| 080 |
_a15 _bL12 |
||
| 100 | _aAyrton,E.R. | ||
| 245 | _aArcheaeological Survey of Ceylon ,Annual Report 1912-1913 | ||
| 260 |
_bH.C.Cottle _aColombo _c1914 |
||
| 300 | _bxvii, 11p. : ill ; 32 cm | ||
| 942 | _cBK | ||
| 999 |
_c87968 _d87968 |
||